000
00217 a2200097 4500
001
49430
100
_a
Tolstoy
245
_a
Toles of Army Life
260
_a
London
_b
Oxford University Press
_c
090
_c
31966
_d
31966
942
_a
NUST-CAE
_c
M
_c
24409
999
_c
284503
_d
284503